| 000 | 01262cam a2200337 i 4500 | ||
|---|---|---|---|
| 001 | 200451690 | ||
| 999 |
_c200451690 _d69902 |
||
| 003 | TR-AnTOB | ||
| 005 | 20251015073923.0 | ||
| 007 | ta | ||
| 008 | 140624s2013 tu d 000 0 tur d | ||
| 020 |
_a9786058957329 _q(paperback) |
||
| 040 |
_aT9K _beng _erda _cT9K _dTR-AnTOB |
||
| 041 | 0 | _atur | |
| 050 | 1 | 4 |
_aHD6181.93 _b.T87559 2013 |
| 090 |
_aHD6181.93 _b.T87559 2013 |
||
| 245 | 0 | 0 |
_aTürkiye'de kadın emeği ve istihdamına yönelik politikalar : _bkadın emeği ve istihdamına dair politika ve faaliyetlerin 12 ilde değerlendirilmesi / _chazırlayan: KEİG Platformu. |
| 246 | 1 | 2 | _aTürkiye'de kadın emeği ve istihdamına yönelik politikalar. |
| 250 | _aBirinci Basım: Mayıs 2013 | ||
| 264 | 1 |
_aİstanbul : _bKEİG Yayınları, _c2013. |
|
| 300 |
_a200 pages : _btables ; _c24 cm |
||
| 336 |
_atext _btxt _2rdacontent. |
||
| 337 |
_aunmediated _bn _2rdamedia. |
||
| 338 |
_avolume _bnc _2rdacarrier. |
||
| 504 | _aBIB | ||
| 650 | 0 |
_aKadınlar _zTürkiye _xİstihdam _9123057 |
|
| 650 | 7 |
_aKadınlar _zTürkiye _xSosyal durum _2etuturkob _98192 |
|
| 650 | 7 |
_aKadınlar _zTürkiye _xEkonomik durum _2etuturkob _986538 |
|
| 710 | 2 |
_aKadin Emeği ve İstihdamı Girişimi _9140435 |
|
| 942 |
_2lcc _cBK |
||